Score 0/20 Timer 20:00
0 Plays Today
Character % Correct
Lea MichelleRachel Berry
93.1%
Chris ColferKurt Hummel
93.1%
Amber RileyMercedes Jones
93.1%
Cory MonteithFinn Hudson
92.5%
Dianna AragonQuinn Fabray
91.4%
Naya RaveraSantana Lopez
88.5%
Kevin McHaleArtie Abrams
87.9%
Jenna UskorwitzTina Cohen-Chang
85.1%
Harry Shum jr.Mike Chang
84.5%
Darren CrissBlaine Anderson
82.8%
Character % Correct
Chord OverstreetSam Evans
81.6%
Mark SailingPuck
79.3%
Becca TobinKitty Wilde
77%
Melissa BMarley Rose
76.4%
Heather MorrisonBrittany S. Pierce
75.9%
Jacob ArtistJake Puckerman
75.9%
Blake JennerRyder Lynn
70.7%
Vanessa LSugar Motta
68.4%
Samuel LorsenJoe Hart
67.2%
Alex NewellUnique Adams
66.1%

You're not logged in!

Compare scores with friends on all Sporcle quizzes.
OR
Log In

Sporcle TV

Today on Sporcle TV


Watch our educational content, quiz creation guides, and fun videos on Sporcle TV.

Show Comments

Extras

Created Mar 24, 2014ReportNominate
Tags:Character, glee

Top Quizzes Today


Score Distribution

Paid Content

Your Account Isn't Verified!

In order to create a playlist on Sporcle, you need to verify the email address you used during registration. Go to your Sporcle Settings to finish the process.

Report this User

Report this user for behavior that violates our Community Guidelines.

Details: